00635nam a2200181 i 450000100060000000300090000600500170001500700030003200800410003510000270007624500880010326000540019130000220024570000280026785200210029599900170031695201200033391136ES-MaACL20230906180641.0t|050127s1913 fr ||||1| spa d1 aLeroux, Gaston.97179213aEl misterio del cuarto amarillo / cGaston Leroux ; traducción de Carlos Docteur. aParís : b[s.n., c1913] (fVda. de Ch. Bouret) a324 p. ; c19 cm.1 aDocteur, Carlos.944960 aES-MaACLjC-2693 c91136d91136 00104070aATENEOMbATENEOMcSPALd2008-01-17eSCl0oC-2693p1095153r2023-02-23 00:00:00w2023-02-23yMONOGRAFIA